Zamestnávateľ v konkurze
Ak sa zamestnávateľ stane platobne neschopný, môže dôjsť k jeho zrušeniu, takisto môže vstúpiť do konkurzu. Povinnosti, ktoré vznikajú zamestnávateľovi v súvislosti s platobnou neschopnosťou. Oprávnenia zamestnanca za účelom dosiahnutia svojej mzdy. Zákonník práce a konkurz. Poistenie zamestnávateľa...
Salvato in:
| Autore principale: | |
|---|---|
| Natura: | Capitolo di libro |
| Lingua: | slovacco |
| Soggetti: | |
| Tags: |
Nessun Tag, puoi essere il primo ad aggiungerne!!
|
MARC
| LEADER | 00000naa a2200000 4500 | ||
|---|---|---|---|
| 001 | 0229598 | ||
| 005 | 20170426135038.2 | ||
| 041 | 0 | |a slo | |
| 044 | |a SK | ||
| 245 | 1 | 0 | |a Zamestnávateľ v konkurze |c Katarína Slaninková |
| 520 | |a Ak sa zamestnávateľ stane platobne neschopný, môže dôjsť k jeho zrušeniu, takisto môže vstúpiť do konkurzu. Povinnosti, ktoré vznikajú zamestnávateľovi v súvislosti s platobnou neschopnosťou. Oprávnenia zamestnanca za účelom dosiahnutia svojej mzdy. Zákonník práce a konkurz. Poistenie zamestnávateľa pre prípad jeho pracovnej neschopnosti. | ||
| 610 | 2 | 0 | |a podnik |
| 610 | 2 | 0 | |a insolventnosť |
| 610 | 2 | 0 | |a zrušenie podniku |
| 610 | 2 | 0 | |a konkurzy |
| 610 | 2 | 0 | |a povinnosti zamestnávateľov |
| 610 | 2 | 0 | |a poistenie garančné |
| 610 | 2 | 0 | |a zamestnanci |
| 610 | 2 | 0 | |a mzdy |
| 100 | 1 | |a Slaninková, Katarína | |